000 01214 a2200373 4500
001 200001304
003 TR-AnTOB
005 20260310143809.0
008 100730s2007 tu 000 0
020 _a9789756194980
040 _aTR-AnTOB
_cTR-AnTOB
041 _atur
050 1 4 _aJC599.T87
_bM86 2007
090 _aJC599.T87
_bM86 2007
100 1 _aMumcu, Ahmet
_923321
245 1 0 _aİnsan hakları ve kamu özgürlükleri /
_b(kavramlar, evrensel ve ulusal gelişimleri, bugünkü durumları) /
_cAhmet Mumcu, Elif Küzeci.
250 _aYenilenmiş 4.baskı.
264 1 _aAnkara:
_bTurhan Kitabevi,
_c2007.
300 _aXLI, 311 s.;
_c24 cm.
336 _2rdacontent
_atext
_btxt
337 _2rdamedia
_aunmediated
_bn
338 _2rdacarrier
_avolume
_bnc
500 _aIndeksli.
504 _aKaynakça (s.[xix]-xli) ve dizin var.
650 0 _aMedeni haklar
_zTürkiye
_992257
650 0 _aCivil rights
_zTurkey
_934511
650 _aHuman rights
_zTurkey
_vCongresses
_927424
650 0 _aİnsan hakları
_zTürkiye
_919346
650 0 _aCivil service
_zTurkey
_932342
650 7 _aDevlet hizmeti
_zTürkiye
_2etuturkob
_932340
700 1 _aKüzeci, Elif
_983749
942 _cBK
_2lcc
999 _c200001304
_d25469